1672 1609 1954 1391 1007 1193 1736 1337 1022 1723 1607 1592 1164 1850 1504 1271 1727 1989 1396 1941 1716 1120 1283 1431 1362 1577 1233 1551 1694 1337 1593 1373 1489 1000 1742 1289 1073 1909 1868 1664 1493 1197 1411 1123 1150 1302 1068 1063 1037 1442 1004 1236 1141 1435 1484 1239 1341 1704 1185 1857 1287 1079 1835 1914 1206 1650 1087 1288 1030 1238 1824 1492 1914 1917 1022 1434 1932 1665 1656 1638 1934 1072 1173 1249 1084 1719 1965 1072 1407 1976 1762 1738 1923 1459 1982 1440 1384 1937 1874 BCNSPRNW ULIB Ver.6.0+V

เปลี่ยนเป็นภาษาไทย

Change to English
 แสดงรายละเอียดบรรณานุกรม
  กลับหน้าหลัก

Brief Record : Get Marc (ISO 2709) : E-mail record : QR code < ปิดหน้าต่าง
LEADER : 00000nam 2200000uu 4500
001    13399113740
003     ULIB
008    111220s2546||||th 000 0 tha d
020    ^a9745063444
060 04 ^aWA9^bศ464ก 2546
245 00 ^aการพัฒนาศักยภาพบุคลากรเพื่อรับการกระจายอำนาจด้านสุขภาพใน 10 จังหวัดนำร่อง /^cกลุ่มสนับสนุนและพัฒนาการกระจายอำนาจด้านสุขภาพ สำนักนโยบายและยุทธศาสตร์ กระทรวงสาธารณสุข ; เรียบเรียง,ศิริพรรณ พันธุมะโอภาส ... [และคนอื่นๆ]
250    ^aพิมพ์ครั้งที่ 1
260    ^aนนทบุรี :^bสำนักงานสนับสนุนและพัฒนาการกระจายอำนาจด้านสุขภาพ (สพกส.),^c2546
300    ^a46 หน้า :^bภาพประกอบ ;^c21 ซม.
650  7 ^aการกระจายอำนาจด้านสุขภาพ
700 0  ^aศิริพรรณ พันธุมะโอภาส
700 0  ^aพัชรินทร์ ทองอยู่
710 2  ^aกระทรวงสาธารณสุข. ^bสำนักนโยบายและยุทธศาสตร์
710 2  ^aสำนักงานสนับสนุนและพัฒนาการกระจายอำนาจด้านสุขภาพ
945    ^p0^l0^i24539
945    ^p0^l0^i24540
995    ^aกัณชพร
999    ^aใช้งานได้ทุกระบบ
รายการนี้ยังไม่มีแท็ก
คุณยังไม่ได้ล็อกอิน คุณสามารถมีกิจกรรมร่วมกับเว็บไซต์ได้ แต่ต้องล็อกอินก่อน ::
  ล็อกอิน

รายการสื่อสารสนเทศ

ลำดับที่ ประเภท เลขเรียก/บาร์โค้ด สถานที่ สถานะ
- ไม่พบข้อมูล -

รายการใกล้เคียง
    หัวเรื่อง [การกระจายอำนาจด้านสุขภาพ]

BibComment


ยังไม่เคยถูกคอมเมนท์

คอมเมนท์ทรัพยากรรายการนี้
  คอมเมนท์: การพัฒนาศักยภาพบ..


 Copyright 2026. Bcnsprnw @Library